000 01948cam a22005054i 4500
003 PE-LiUPU
005 20250731172916.0
008 150617s r 000 0 d
035 _a(Sirsi) a18920
040 _aPE-LiUPU
_bspa
_cPE-LiUPU
_erda
049 _aPRUA
082 0 4 _a261.8
_bS586d
_223
100 1 _aSilva, Hernando,
_eautor.
245 1 4 _aLas dificultades del cambio /
_cHernando Silva.
264 1 _aBogota :
_bEdiciones Paulinas,
_c1974.
300 _a99 páginas ;
_c21 centímetros.
336 _atext
_2rdacontent
337 _aunmediated
_2rdamedia
338 _avolume
_2rdacarrier
490 0 _a(Iglesia Liberadora ;
_v9)
500 _aEl ejemplar 01 contiene "Armas de la no - violencia".
504 _aIncluye bibliografía.
505 0 _aEvolución de los valores cristianos -- Bloques al cambio por parte de la espiritualidad clásica -- El espíritu del occidente -- También el espíritu de occidente bloquea el cambio -- Síntesis de las culturas -- El espíritu del cambio.
526 _aSEG42
526 _aSEG41
526 _aSEG40
526 _aSEG39
526 _aP94
526 _aP87
526 _aP86
526 _aP85
526 _aP77
526 _aP76
526 _aP35
650 0 4 _aIglesia católica y problemas sociales.
910 _ajck
942 _2ddc
_cBK
_n0
949 _a261.8 S586d
_wDEWEY
_c1
_i27919
_lCCODEBUL1
_mBUL
_p00.00
_r0
_sY
_tBOOK
_u2015-04-22
_xTEOLOGIA
_0COMPRA
_o.STAFF. Colección General
949 _a261.8 S55
_wDEWEY
_c2
_i24543
_lCCODEBUL1
_mBUL
_p00.00
_r0
_sY
_tBOOK
_u2015-04-22
_xTEOLOGIA
_0COMPRA
_o.STAFF. Colección General
949 _a261.8 S55 1974
_wDEWEY
_c1
_iFT00187
_lCCODEBUT1
_mBUT
_p{Dolar}5.00
_r0
_sY
_tBOOK
_u2015-06-17
_xBIBLIOTECA
_zUNKNOWN
_o.STAFF. Colección General Tarapoto
980 _81
_gALBERTO SANCHEZ Responsable de Automatización
999 _c18666
_d18666